000 00372 a2200169 4500
001 74139
020 _a853223545-
040 _cAnchieta - Colégio São Paulo
100 _aJúnior, Olival Freire
240 1 0 _aO universo dos quantas
_lpor
245 1 0 _aO universo dos quantas
300 _a95
362 0 _a1997
440 1 _aFTD
650 4 _aFísica
942 _cBK
999 _c74139
_d74139